| 000 | 01058njm a22002657a 4500 | ||
|---|---|---|---|
| 005 | 20100915110915.0 | ||
| 006 | a|||||r|||||00| 0 | ||
| 007 | sd ammalaaahaa | ||
| 008 | 100910t xxu||||| |||| 00| 0 eng d | ||
| 028 |
_a2392086 _bPolydor |
||
| 035 | _aGR-02508 | ||
| 040 |
_aSED _cSED |
||
| 100 |
_aBhosle,Asha _919365 |
||
| 245 |
_aSizzling Asha / _csung by Asha Bhosle _h[sound recording] : |
||
| 246 | _aसिज्ज्लिंग आशा / | ||
| 260 |
_aDum Dum, India _bPolydor _c1975 |
||
| 300 |
_a1 sound disc [Gramophone Recording] : _banalog, 33 1/3 rpm _c12.5 in. (LP) _fGramaphone Records |
||
| 500 | _aBrief record | ||
| 500 | _aRecord Lebels : Polydor, Red | ||
| 505 | _aSide-1 आई लव यू .यू लव में (I love you .You love me) ( Asha Bhosle) Side-2 कल की फिकर (Kal ki Fikar) (Asha Bhosle). | ||
| 600 |
_aBhosle,Asha _919611 |
||
| 650 |
_2Excerpts. _aFilm Song _bIndia _919366 |
||
| 942 |
_2ddc _cGR |
||
| 999 |
_c45855 _d45855 |
||